000 00546nam a2200217Ia 4500
003 GCL
008 140319s9999 xx 000 0 eng d
040 _aGCL /
_cGCL
082 0 4 _a561.92
_bV B
100 1 _aVASHISHTA, B.R
245 1 0 _aBOTANY : FOR DEGREE STUDENTS FUNGI /
_cVASHISHTA, B.R
260 _a[S.N] :
_bS. CHAND & COMPANY LTD ،
_c1990
300 _a506
650 0 4 _aBIOLOGY
650 0 4 _aBACTERIA
650 0 4 _aBOTANY
650 0 4 _aFUNGI
650 0 4 _aMUSHROOMS
650 0 4 _aFUNGAL DISEASES OF PLANTS
942 _2ddc
_cBK
999 _c20430
_d20430